000
00173 a2200097 4500
020
_a
9780673758538
041
_a
spa
100
_a
Morris, Ann
245
_a
Agua
942
_c
BK
999
_c
31921
_d
31919